| 000 | 00974cam a2200325 i 4500 | ||
|---|---|---|---|
| 001 | 200466844 | ||
| 003 | TR-AnTOB | ||
| 005 | 20260109093053.0 | ||
| 007 | ta | ||
| 008 | 150302s1964 tu 000 f tur d | ||
| 035 | _a(OCoLC) | ||
| 040 |
_aSULEY _beng _erda _cSULEY _dTR-AnTOB |
||
| 041 | 1 |
_atur _heng |
|
| 049 | _aMAIN | ||
| 050 | 1 | 4 |
_aPH355.W3 _bD3719 1964 |
| 090 |
_aPH355.W3 _bD3719 1964 |
||
| 100 |
_aWaltari, Mika, _d1908-1979 _eauthor _984984 |
||
| 240 | 1 | 4 |
_aDark angel. _lTurkish |
| 245 | 1 | 0 |
_aSiyah melek / _cMika Waltari; dilimize çeviren Nazmi Aktan. |
| 264 | 1 |
_aİstanbul : _bAltın Kitaplar Yayınevi, _c1964. |
|
| 300 |
_a301 pages; _c19 cm |
||
| 336 |
_atext _btxt _2rdacontent |
||
| 337 |
_aunmediated _bn _2rdamedia |
||
| 338 |
_avolume _bnc _2rdacarrier |
||
| 490 | 1 |
_aMeşhur Romanlar serisi ; _v52. |
|
| 650 | 7 |
_aFin romanı _2etuturkob _9151725 |
|
| 700 | 1 |
_aAktan, Nazmi. _etranslator _9151724 |
|
| 942 |
_2lcc _cBK |
||
| 999 |
_c200466844 _d85056 |
||